00416nam a22001217a 4500020001500000082001200015100005000027245008400077260004800161300002700209490001600236650004200252 a9555900418 a615.321 aArambewela, LakshmiaAlagiyawanna, Sachintha  aSri lanken Medicinal plant Monograph & Analysis Vol-11 :Plectranthus Zeylanicus aColombo bNational science foundationc2006 a27pbHard Binded Cover aVolume - 11 aChemistryaMedicinal plantsaBotany,